History Quiz

Random History Quiz

Aradi Vertanuk Quiz Stats

 Plays Quiz not verified by Sporcle

Challenge
Share
Tweet
Embed
Score 0/13 Timer 05:00
0 Plays Today
Hint Answer % Correct
Kiss Ernő
100%
Nagysándor József
90.9%
Aulich Lajos
86.4%
Damjanich János
81.8%
Knezić Károly
81.8%
Leiningen-Westerburg Károly
81.8%
Poeltenberg Ernő
77.3%
Dessewffy Arisztid
72.7%
Lázár Vilmos
72.7%
Török Ignác
72.7%
Lahner György
68.2%
Schweidel József
54.5%
Vécsey Károly
54.5%

You're not logged in!

Compare scores with friends on all Sporcle quizzes.
Join for Free
OR
Log In

You Might Also Like...

Show Comments

Extras

Created Oct 13, 2016ReportNominate

Top Quizzes Today


Score Distribution

Your Account Isn't Verified!

In order to create a playlist on Sporcle, you need to verify the email address you used during registration. Go to your Sporcle Settings to finish the process.

Report this User

Report this user for behavior that violates our Community Guidelines.

Details: